000 00611cam a2200229 4500
001 785160
005 20180314085650.0
008 720620s1972 nyua 001 0 eng
010 _a 73184065
020 _a0670385581
040 _aDLC
_cDLC
_dDLC
041 _aeng
043 _an-us---
080 _a758.10973 HOW
082 0 0 _a758.10973 HOW
_219
100 1 _a44
101 _aART
245 1 4 _aThe Hudson River and its painters,
_cby John K. Howat. Pref. by James Biddle. Foreword by Carl Carmer.
350 _a$25.00
906 _a7
_bcbc
_corignew
_d2
_encip
_f19
_gy-gencatlg
942 _2ddc
_cBK
999 _c45030
_d45030